000 01145cam a22003497a 4500
003 CHAP
005 20220329133356.0
008 971013s1992 uk a r 00010 eng d
010 _a5645
011 _a6617
035 _a5838
040 _cCHAP
082 0 4 _a664
_bD3
100 0 0 _aDa Silva, E. J.
_930855
245 1 0 _aBiotechnology
_b: economic and social aspects
260 _aCambridge :
_bCambridge University,
_c1992
300 _a388 p.
_b: ilus. ; gráfs.
590 _aBATCH-UPD
_b10
_c20130109
_lUCH01
_h2310
590 _aBATCH-UPD
_b10
_c20130110
_lUCH01
_h0222
590 _aBATCH-UPD
_b10
_c20130110
_lUCH01
_h1957
590 _aBATCH-UPD
_b10
_c20130410
_lUCH01
_h1317
590 _aBATCH-UPD
_b10
_c20130914
_lUCH01
_h0640
590 _aBATCH-UPD
_b10
_c20130914
_lUCH01
_h2133
590 _aCONVERSION
_b10
_c20130109
_lUCH01
_h1304
650 1 4 _aAgricultura
_xInnovaciones tecnológicas.
_91565
650 1 4 _aBiotecnología.
_912878
700 0 _aRatledge, Colin.
_994742
700 0 _aSasson, Albert.
_9102689
901 _aBK
942 _cLIBRO
949 _a664 D3
_bBC
_cLIBRO
_d33724000132726
_eLIBRO
_gI.164895
_h82448
_i5838
_si
_t340.00
999 _c5645
_d5645